Unicompartmental arthroplasty with the Oxford knee (Record no. 242016)
[ view plain ]
| 000 -LEADER | |
|---|---|
| fixed length control field | 01180nam a2200289 a 4500 |
| 245 00 - TITLE STATEMENT | |
| Title | Unicompartmental arthroplasty with the Oxford knee |
| 260 ## - PUBLICATION, DISTRIBUTION, ETC. (IMPRINT) | |
| Place of publication | Oxford [U.K.] : |
| Name of publisher | Goodfellow Publishers, Ltd., |
| Year of publication | 2011. |
| 300 ## - PHYSICAL DESCRIPTION | |
| Number of Pages | vi, 194 p. : |
| Other physical details | ill. (some col.) |
| 500 ## - GENERAL NOTE | |
| General note | First published by Oxford University Press, 2006. |
| 650 #0 - SUBJECT ADDED ENTRY--TOPICAL TERM | |
| Topical Term | Arthroplasty. |
| Topical Term | Artificial knee. |
| 700 1# - ADDED ENTRY--PERSONAL NAME | |
| Personal name | Goodfellow, John. |
| 856 40 - ELECTRONIC LOCATION AND ACCESS | |
| Uniform Resource Identifier | http://site.ebrary.com/lib/rucke/Doc?id=10468975 |
No items available.
